|
|
|
|
| LEADER |
00000nab a2200000 a 4500 |
| 001 |
vtls000882456 |
| 003 |
SK-MaSNL |
| 005 |
20260303220734.0 |
| 008 |
160314c2004 xo 0 slo |
| 015 |
|
|
|a SNBRB2004/08-23560
|
| 035 |
|
|
|a CLN000233946
|
| 040 |
|
|
|a SNKBUCL
|b slo
|c SNKBUCL
|e AACR2
|
| 041 |
0 |
|
|a slo
|
| 044 |
|
|
|a xo
|c SK
|
| 080 |
|
|
|a 82:929:821.162.4 (73)
|2 UDC-MRF-SK2
|
| 080 |
|
|
|a 929 Šimko, Daniel
|2 UDC-MRF-SK2
|
| 080 |
|
|
|a 821.162.4 (73):929
|2 UDC-MRF-SK2
|
| 100 |
1 |
|
|a Balogh, Alexander,
|d 1946-
|4 aut
|9 173522
|
| 245 |
1 |
0 |
|a V New Yorku zomrel slovenský exilový básnik Daniel Šimko
|c Alexander Balogh
|
| 300 |
|
|
|b Fotogr.
|
| 600 |
1 |
7 |
|a Šimko, Daniel,
|d 1959-2004
|2 snkbucl
|9 118312
|
| 773 |
0 |
|
|x 1335-440X
|t Sme
|g Roč. 12, č. 175 (30.7.2004), s. 26
|
| 850 |
|
|
|a Slovenská národná knižnica v Martine
|
| 852 |
|
|
|a SNK
|b KIS3GCP
|
| 958 |
|
|
|a US
|
| 958 |
|
|
|a LX
|
| 958 |
|
|
|a BX
|
| 958 |
|
|
|a RBX
|
| 999 |
|
|
|c 2228708
|d 2230638
|